Nyolc tézis a posztmodernről. Számadási kísérlet
Elmentve itt :
| Szerző: | |
|---|---|
| Adatforrás: | Philobibl |
| Forrásdokumentuma: | Liget 5 1992/1., 9-30. p. |
| Dokumentumtípus: | Cikk |
| Nyelv: | magyar |
| Kulcsszavak: | posztmodern |
| LEADER | 00326nab a2200109 c 4500 | ||
|---|---|---|---|
| 001 | bibDOK00003887 | ||
| 005 | 20200924120010.2 | ||
| 008 | 060518s1992 xx hun | ||
| 100 | 1 | |a Pethő Bertalan | |
| 245 | 1 | 0 | |a Nyolc tézis a posztmodernről. Számadási kísérlet |c Pethő Bertalan |
| 695 | |a posztmodern | ||
| 773 | 0 | |t Liget 5 |g 1992/1., 9-30. p. | |